| 000 | 00554nam a2200181Ia 4500 | ||
|---|---|---|---|
| 003 | GCL | ||
| 008 | 140319s9999 xx 000 0 ara d | ||
| 040 |
_aGCL / _cGCL |
||
| 082 | 0 | 4 |
_a229.3 _bع و |
| 100 | 1 | _aعبدالمنعم زين | |
| 245 | 1 | 0 |
_aوسيلة المؤمنين : فى الادعية والزيارات والاعمال / _cعبدالمنعم زين |
| 260 |
_a[S.N] : _bدار السيرة ، _c1994 |
||
| 300 | _a208 ص | ||
| 490 | _a | ||
| 650 | 0 | 4 | _aالاسلام |
| 650 | 0 | 4 | _aالادعية والاوراد |
| 942 |
_2ddc _cBK |
||
| 999 |
_c37168 _d37168 |
||